| 000 | 00972nam0a2200289 4500 | ||
|---|---|---|---|
| 001 | RU\NLR\bibl\1358352 | ||
| 005 | 20260405073534.0 | ||
| 010 |
_a978-5-9533-3787-8 _95000 |
||
| 021 |
_aRU _b2009-13420 _9795 |
||
| 035 | _a(NLR Aleph) 001350540 | ||
| 090 |
_a918012 _c918012 |
||
| 100 | _a20090420d2009 |||y0rusy50 ca | ||
| 101 | 0 | _arus | |
| 102 | _aRU | ||
| 105 | _aa z ||||| | ||
| 200 | 1 |
_aНемецкая овчарка _fО.В. Фролова |
|
| 210 |
_aМосква _cВече _d2009 |
||
| 215 |
_a349, [2] с. _cил. _d21 |
||
| 225 | 1 | _aНаши питомцы | |
| 606 | 1 |
_aНемецкие овчарки _91715937 _3RU\NLR\auth\66765289 |
|
| 686 | _aП673.39 немецкие овчарки | ||
| 700 | 1 |
_4070 _8rus _7ca _aФролова _bО. В. _cкинолог _gОльга Владиславовна _3RU\NLR\auth\7725674 _98721 |
|
| 801 | 0 |
_aRU _bNLR _c20090420 _gRCR |
|
| 801 | 1 |
_aRU _bNLR _c20090420 |
|
| 942 | _cBOOK | ||
| 980 | _aNB | ||